00265cas a2200085 45000820012000002450079000122600055000913000017001466500016001630 a551 RES10aResearch summary - research in Geotechnical and transportation engineering aBangkok, Thailand,bAsian Institute of Technology. a176 p.bill. 0aEngineering